000 00683nam a2200181Ia 4500
008 100921s9999 xx 000 0 und d
082 _b33530
_a891.463 न 01
100 _aदेवधर विजय.
245 _aहेरगिरीच्या थरारकथा.
260 _bमंगल दीप प्रकाशन, पुणे.
_c2001
300 _a200
_bजयेश एजन्सी,पुणे.
365 _b150
520 _aललित-कथा.
630 _aहेरगिरीच्या थरारकथा.
650 _aललित-कथा.
730 _aहेरगिरीच्या थरारकथा.
942 _cBOOK
999 _c782643
_d782640